000 00254nam a2200097Ia 4500
008 240331s9999 xx 000 0 und d
082 _bJAM
100 _aJameel, S.H.M. ed;Hussein, Asiff. ed
245 4 _aThe muslim heritage of eastern Sri Lanka
942 _cL
999 _c5864
_d5864